|
|
|
|
| LEADER |
00000naa a2200000 i 4500 |
| 001 |
publ352 |
| 005 |
20150408111651.0 |
| 008 |
150408s2010 hu o 000 zxx d |
| 040 |
|
|
|a BGE Publikációtár Repozitórium
|b hun
|
| 100 |
1 |
|
|a Kiss Katalin
|
| 245 |
1 |
0 |
|a Morfológiai akcióminőség - létező fogalom-e az angolban?
|c Kiss Katalin
|h [elektronikus dokumentum]
|
| 260 |
|
|
|a Budapesti Gazdasági Főiskola
|c 2010
|
| 300 |
|
|
|a 19-27
|
| 490 |
0 |
|
|a Tudományos Évkönyv 2010: Merre tovább? Gazdaság és társadalom, realitás és esély
|
| 650 |
|
4 |
|a nyelvtudományok
|
| 695 |
|
|
|a Angol nyelv
|
| 695 |
|
|
|a Nyelvészet
|
| 856 |
4 |
0 |
|u https://publikaciotar.uni-bge.hu/id/eprint/352/1/tek_2010_02.pdf
|z Dokumentum-elérés
|